000 00287nam a22001337a 4500
008 170510b xxu||||| |||| 00| 0 eng d
020 _a9780791042717
041 _aeng
080 _a343.9
100 _a15
101 _aSHJ
245 _aORGANIZED CRIME
_cWILKER.J
942 _2udc
_cBK
999 _c13065
_d13065